Loading...
| Any History | 4 | 15.00 | 100% | 25% | 25% |
| Current Events | 4 | 25.00 | 100% | 100% | 50% |
| Fine Arts - Classical Music | 6 | 8.33 | 67% | 0% | 17% |
| Fine Arts - Other | 4 | 12.50 | 75% | 25% | 25% |
| Geography | 3 | 20.00 | 100% | 100% | 0% |
| History - American | 8 | 17.50 | 88% | 75% | 13% |
| History - European | 6 | 13.33 | 83% | 33% | 17% |
| History - World | 4 | 12.50 | 100% | 25% | 0% |
| Literature - American | 7 | 10.00 | 71% | 29% | 0% |
| Literature - British | 5 | 10.00 | 100% | 0% | 0% |
| Literature - European | 5 | 14.00 | 100% | 40% | 0% |
| Literature - World | 8 | 7.50 | 63% | 13% | 0% |
| Mythology | 3 | 13.33 | 67% | 67% | 0% |
| Other Academic | 7 | 12.86 | 86% | 29% | 14% |
| Painting & Sculpture | 1 | 10.00 | 100% | 0% | 0% |
| Philosophy | 6 | 13.33 | 100% | 33% | 0% |
| Religion | 6 | 11.67 | 83% | 33% | 0% |
| Science - Biology | 9 | 7.78 | 67% | 11% | 0% |
| Science - Chemistry | 10 | 8.00 | 80% | 0% | 0% |
| Science - Other | 7 | 8.57 | 86% | 0% | 0% |
| Science - Physics | 7 | 8.57 | 71% | 14% | 0% |
| Social Science | 6 | 13.33 | 83% | 50% | 0% |